LIBRARY & INFORMATION CENTRE, KCAET, TAVANUR

ONLINE PUBLIC ACCESS CATALOGUE (OPAC)

Valakkaran pappuvinnu Vattu / (Record no. 6664)

MARC details
000 -LEADER
fixed length control field 00441cam a2200181ua 4500
041 ## - LANGUAGE CODE
Language code of text/sound track or separate title mal
082 ## - DEWEY DECIMAL CLASSIFICATION NUMBER
Classification number 894.8127
Item number RAJ/VA
100 ## - MAIN ENTRY--AUTHOR NAME
Personal name Rajendran, Kattayil .
245 ## - TITLE STATEMENT
Title Valakkaran pappuvinnu Vattu /
250 ## - EDITION STATEMENT
Edition statement 1 /
260 ## - PUBLICATION, DISTRIBUTION, ETC. (IMPRINT)
Place of publication Kollam :
Name of publisher Modern Book ,
Year of publication 1962.
300 ## - PHYSICAL DESCRIPTION
Number of Pages 74 ; .
942 ## - ADDED ENTRY ELEMENTS (KOHA)
Koha item type Books
Holdings
Withdrawn status Lost status Damaged status Home library Current library Date acquired Cost, normal purchase price Full call number Accession Number Koha item type
Withdrawn     KAUAET KAUAET 07/04/2012 1.00 894.8127 1195 Books
free website counter